| 000 | | | 04284nmc2a2200000 x 450 |
| 001 | | | ca50297e-79fb-469b-a4ff-537297903af9 |
| 005 | | | 20151215150337.0 |
| 100 | ## | $a | 20150825l18511852k l0rusy0189 ca |
| 101 | 0# | $a | rus |
| 102 | ## | $a | RU |
| 200 | 1# | $a | Дело о доставлении попечителями учебных округов сведений о количестве выпущенных университетами лекарей |
| | $j | 10 января 1851 г. - 18 июля 1852 г. |
| 251 | ## | $c | Дело |
| 300 | ## | $a | Дело |
| 300 | ## | $a | Ориг. заголовок дела: Дело по донесениям попечителей учебных округов о числе казеннокоштных медицинских студентов, оканчивающих курс в университетах, ожидаемых к выпуску лекарями. Тут же о распределении их на службу по военному, морскому и гражданскому ведомствам. 10 января 1851 г. - 18 июля 1852 г |
| 801 | #0 | $a | RU |
| | $b | РГИА |
| | $c | 20150825 |
| | $g | RCR |
| 801 | #1 | $a | RU |
| | $b | ГлавНИВЦ |
| | $c | 20150825 |
| | $2 | rusmarc |
| 801 | #2 | $a | RU |
| | $b | ПБ им. Б.Н. Ельцина |
| | $c | 20151215 |
| | $g | RCR |
| | $2 | rusmarc |
| 850 | ## | $a | РГИА |
| 852 | ## | $a | РГИА |
| | $e | Федеральное казенное учреждение "Российский государственный исторический архив" (РГИА) |
| | $j | 546 |
| 937 | ## | $h | РГИА |
| | $d | 12086208 |
| | $a | ASBIBLIO_SCAN |
| 462 | #0 | $1 | 00110dcdccd-ec79-4ee8-a204-b9d031b41c04 |
| | $1 | 2001 |
| | $a | Медицинские дела Департамента народного просвещения |
| | $1 | 251 |
| | $c | Опись |
| | $1 | 852 |
| | $j | 99 |
| 461 | #0 | $1 | 001a74412a3-3cc5-4d21-8f0a-dfe2fbd9e72d |
| | $1 | 2001 |
| | $a | Департамент народного просвещения Министерства народного просвещения |
| | $1 | 251 |
| | $c | Фонд |
| | $1 | 852 |
| | $j | 733 |
| 215 | ## | $a | 261 л. |
| | $d | 36,5х26 см |
| 371 | ## | $a | Документ не является опубликованным и широко распространяемым |
| 105 | ## | $a | y### |
| 122 | 2# | $a | d |
| 517 | 1# | $a | Дело по донесениям попечителей учебных округов о числе казеннокоштных медицинских студентов, оканчивающих курс в университетах, ожидаемых к выпуску лекарями. Тут же о распределении их на службу по военному, морскому и гражданскому ведомствам. 10 января 1851 г. - 18 июля 1852 г |
| 035 | ## | $a | ca50297e-79fb-469b-a4ff-537297903af9 |